01346nam a2200349 a 4500001001200000003000800012006001900020007001500039008004100054010001700095020003700112020004000149020001800189020002700207040002100234035002100255050002500276082001200301100001800313245007400331260004900405300001100454490006300465504006800528533015200596650002100748655002900769710001700798830003800815856012600853999001700979ebr10728663CaPaEBRm o u cr cn|||||||||080103s2006 gw sb 001 0 eng d z 2008359441 z3938793112 (hd.bd. : alk. paper) z9783938793114 (hd.bd. : alk. paper) z9783110326574 z9783110326895 (e-book) aCaPaEBRcCaPaEBR a(OCoLC)85456885014aBC199.M6bM43 2006eb04a1602221 aMeixner, Uwe.14aThe theory of ontic modalitiesh[electronic resource] /cUwe Meixner. aFrankfurt ;aNew Brunswick :bOntos,cc2006. a374 p.1 aPhilosophische Analyse =aPhilosophical analysis ;vBd. 13 aIncludes bibliographical references (p. [361]-363) and indexes. aElectronic reproduction.bPalo Alto, Calif. :cebrary,d2013.nAvailable via World Wide Web.nAccess may be limited to ebrary affiliated libraries. 0aModality (Logic) 7aElectronic books.2local2 aebrary, Inc. 0aPhilosophische Analyse ;vBd. 13.40uhttp://site.ebrary.com/lib/rucke/Doc?id=10728663zAn electronic book accessible through the World Wide Web; click to view c37274d37274